| 000 | 00435nam a2200181Ia 4500 | ||
|---|---|---|---|
| 008 | 210210b1964 xxu||||| |||| 00| 0 eng d | ||
| 041 | _aeng | ||
| 082 | _a538/46 | ||
| 100 | _aCHAUDHURI (Ray D P) | ||
| 245 | _aPractical physics | ||
| 260 |
_aCalcutta _bA Mukherjee & Co. _c1964 |
||
| 300 | _a351 | ||
| 650 | _aPractical | ||
| 650 | _aphysics | ||
| 690 | _aMathematical Physics | ||
| 700 | _aSEN (Anil Kumar) | ||
| 906 | _a008994 | ||
| 999 |
_c126909 _d126909 |
||